Sélectionnez tous les vrais Pokémons - Statistiques

Statistiques générales
  • Ce quiz a été pris 988 fois
  • Le résultat moyen est 38 sur 45
Statistiques - réponses
Question Tuile Select % Correct
~ Carapuce Oui
99%
~ Picotas Non
97%
~ Guimofeu Non
96%
~ Nutella Non
96%
~ Papilusion Oui
96%
~ Gaulana Non
95%
~ Malayan Non
95%
~ Mimilarousse Non
95%
~ Bilculot Non
94%
~ Kéburry Non
94%
~ Maraco Non
94%
~ Shmidou Non
94%
~ Simpsini Non
94%
~ Takis Non
94%
~ Actarus Non
93%
~ Jangofeet Non
93%
~ Balbeas Non
92%
~ Fakmin Non
92%
~ Poncho Non
92%
~ Aéromite Oui
90%
~ Crocorond Non
90%
~ Kabuto Oui
89%
~ Crapacné Non
88%
~ Flambusard Oui
88%
~ Mirachiot Non
87%
~ Venipatte Oui
86%
~ Capidextre Oui
85%
~ Zoroark Oui
85%
~ Clamiral Oui
83%
~ Hexagel Oui
83%
~ Vivaldaim Oui
82%
~ Tutafeh Oui
81%
~ Manaphy Oui
80%
~ Badaboum Non
77%
~ Crabicraque Non
77%
~ Momartik Oui
77%
~ Heatran Oui
76%
~ Gouroutan Oui
75%
~ Rhinolove Oui
75%
~ Vortente Oui
75%
~ Hexadron Oui
73%
~ Méios Oui
72%
~ Phione Oui
69%
~ Kriknot Non
61%
~ Amovénus Oui
44%
Aucun quiz correspondant
Distribution des résultats
% des personnes avec chaque résultat
Percentile par nombre de réponses
Votre historique - résultats
Vous n’avez pas pris ce quiz